Los orígenes étnicos de las nacionalidades libio-ibéricas / (Record no. 24563)

MARC details
000 -LEADER
campo de control de longitud fija 00748nam a2200181 i 4500
001 - NÚMERO DE CONTROL
campo de control 24563
003 - IDENTIFICADOR DE NÚMERO DE CONTROL
campo de control ES-MaACL
005 - FECHA Y HORA DE LA ÚLTIMA TRANSACCIÓN
campo de control 20231221191845.0
007 - CAMPO FIJO DE DESCRIPCIÓN FÍSICA--INFORMACIÓN GENERAL
campo de control de longitud fija t|
008 - DATOS DE LONGITUD FIJA--INFORMACIÓN GENERAL
campo de control de longitud fija 021217s1910 sp ||||1| spa d
100 1# - ENTRADA PRINCIPAL--NOMBRE DE PERSONA
Nombre de persona Antón y Ferrándiz, Manuel,
Fechas asociadas al nombre 1849-1929
9 (RLIN) 21958
245 14 - MENCIÓN DEL TÍTULO
Título Los orígenes étnicos de las nacionalidades libio-ibéricas /
Mención de responsabilidad, etc. por Manuel Antón y Ferrándiz.
260 ## - PUBLICACIÓN, DISTRIBUCIÓN, ETC.
Lugar de publicación, distribución, etc. Madrid :
Nombre del editor, distribuidor, etc. [s.n.],
Fecha de publicación, distribución, etc. 1910 (
Fabricante Eduardo Arias)
300 ## - DESCRIPCIÓN FÍSICA
Extensión 19 p. :
Otras características físicas il. ;
Dimensiones 24 cm.
500 ## - NOTA GENERAL
Nota general Es el discurso inaugural de la sección 4ª de Ciencias Naturales del 2º Congreso Español para el Progeso de las Ciencias, según consta al principio del texto.
852 ## - LOCALIZACIÓN
Ubicación ES-MaACL
Número de control de estantería L-4911 (18-5)
Holdings
Estatus retirado Estado de pérdida Estado de daño No para préstamo Biblioteca de origen Biblioteca actual Ubicación en estantería Fecha de adquisición Fuente de adquisición Total de préstamos Signatura topográfica completa Código de barras Visto por última vez Precio de reemplazo Tipo de ítem Koha
        Biblioteca del Ateneo de Madrid Biblioteca del Ateneo de Madrid Depósito 2 17/01/2008     L-4911 (18-5) 1025324 23/02/2023 23/02/2023 Libro impreso